[Event "Buenos Aires Szmetan Giardelli"]
[Site "Buenos Aires"]
[Date "2018.12.12"]
[Round "9"]
[White "Darcyl, Tomas"]
[Black "El Debs, Felipe de Cresce"]
[Result "1-0"]
[WhiteElo "2366"]
[BlackElo "2544"]
[PlyCount "71"]
[EventDate "2018.12.04"]
[EventType "tourn"]
[EventRounds "11"]
[EventCountry "ARG"]
[EventCategory "13"]
[SourceTitle "CBM 187 Extra"]
[Source "ChessBase"]
[SourceDate "2018.11.04"]
[SourceVersion "1"]
[SourceVersionDate "2018.11.04"]
[SourceQuality "1"]

1. c4 e5 2. e3 Nf6 3. Nc3 Bb4 4. Nge2 0-0 5. a3 Be7 6. e4 c6 7. d4 exd4 8. Nxd4 d5 9. cxd5 cxd5 10. e5 Ng4 11. e6 Nxf2 12. Kxf2 fxe6+ 13. Nf3 Bc5+ 14. Ke1 Nc6 15. Be2 Ne5 16. Nxe5 Qh4+ 17. g3 Bf2+ 18. Kd2 Qg5+ 19. Kc2 Qxe5 20. Bf4 Qd4 21. Qxd4 Bxd4 22. Nb5 Bf6 23. Nc7 Rb8 24. Kb3 Bd7 25. Bg4 g5 26. Bd6 Rf7 27. Bh5 Rg7 28. Rae1 Rc8 29. Rhf1 Bd4 30. Nxe6 Bxe6 31. Rxe6 Rd7 32. Be5 Bc5 33. Ref6 Re7 34. Bf7+ Kg7 35. Rg6+ Kf8 36. Rg8# 1-0

[Event "Buenos Aires Szmetan Giardelli"]
[Site "Buenos Aires"]
[Date "2018.12.04"]
[Round "1"]
[White "Iturrizaga Bonelli, Eduardo"]
[Black "Darcyl, Tomas"]
[Result "1-0"]
[WhiteElo "2628"]
[BlackElo "2366"]
[PlyCount "66"]
[EventDate "2018.12.04"]
[EventType "tourn"]
[EventRounds "11"]
[EventCountry "ARG"]
[EventCategory "13"]
[SourceTitle "CBM 187 Extra"]
[Source "ChessBase"]
[SourceDate "2018.11.04"]
[SourceVersion "1"]
[SourceVersionDate "2018.11.04"]
[SourceQuality "1"]

1. c4 Nf6 2. Nc3 d5 3. cxd5 Nxd5 4. Nf3 g6 5. h4 Bg7 6. h5 Nc6 7. e4 Ndb4 8. d3 Bg4 9. a3 Na6 10. Be3 Qd7 11. Qb3 Na5 12. Qc2 Nc6 13. d4 Bxf3 14. gxf3 Nxd4 15. Bxd4 Qxd4 16. Bxa6 bxa6 17. Nb5 axb5 18. Qc6+ Qd7 19. Qxa8+ Qd8 20. Qxd8+ Kxd8 21. 0-0-0+ Kc8 22. Kc2 c5 23. b4 Bd4 24. bxc5 Bxc5 25. Rd5 Bxa3 26. Rxb5 Kd7 27. hxg6 fxg6 28. Kd3 Ke6 29. f4 h5 30. Rg5 Kf7 31. f5 gxf5 32. Rxf5+ Ke6 33. Rhxh5 Bb4 1-0

[Event "ARG-chT"]
[Site "Villa Martelli"]
[Date "2018.08.25"]
[Round "8.3"]
[White "Darcyl, Tomas"]
[Black "Romero Barreto, Jaime Jose"]
[Result "1/2-1/2"]
[WhiteElo "2386"]
[BlackElo "2315"]
[PlyCount "37"]
[EventDate "2018.07.07"]
[EventType "team-swiss"]
[EventRounds "9"]
[EventCountry "ARG"]
[SourceTitle "CBM 187 Extra"]
[Source "ChessBase"]
[SourceDate "2018.11.04"]
[SourceVersion "1"]
[SourceVersionDate "2018.11.04"]
[SourceQuality "1"]
[WhiteTeam "Centro Univ CUV"]
[BlackTeam "Club Argentino"]
[WhiteTeamCountry "ARG"]
[BlackTeamCountry "ARG"]

1. Nf3 Nf6 2. g3 g6 3. b3 Bg7 4. Bb2 d6 5. d4 b5 6. Bg2 Bb7 7. 0-0 0-0 8. Na3 c6 9. Re1 Nfd7 10. Qd2 a5 11. c4 b4 12. Nc2 c5 13. Ne3 Na6 14. d5 Nc7 15. Bxg7 Kxg7 16. Ng4 f6 17. Qh6+ Kg8 18. a4 Bc8 19. Nh4 1/2-1/2

[Event "ARG-chT"]
[Site "Villa Martelli"]
[Date "2018.08.18"]
[Round "7.1"]
[White "Mussanti, Diego"]
[Black "Darcyl, Tomas"]
[Result "1-0"]
[WhiteElo "2279"]
[BlackElo "2386"]
[PlyCount "77"]
[EventDate "2018.07.07"]
[EventType "team-swiss"]
[EventRounds "9"]
[EventCountry "ARG"]
[SourceTitle "CBM 187 Extra"]
[Source "ChessBase"]
[SourceDate "2018.11.04"]
[SourceVersion "1"]
[SourceVersionDate "2018.11.04"]
[SourceQuality "1"]
[WhiteTeam "Ajedrez Plus"]
[BlackTeam "Centro Univ CUV"]
[WhiteTeamCountry "ARG"]
[BlackTeamCountry "ARG"]

1. e4 Nf6 2. e5 Nd5 3. d4 d6 4. Nf3 g6 5. Bc4 Nb6 6. Bb3 Bg7 7. 0-0 0-0 8. h3 dxe5 9. Nxe5 a5 10. a4 Nc6 11. Nxc6 bxc6 12. Be3 Nd5 13. Qf3 Be6 14. Nd2 Rb8 15. Nc4 Nxe3 16. fxe3 Bd5 17. Qe2 Rb4 18. Nxa5 Qa8 19. Bxd5 cxd5 20. c3 Rbb8 21. b4 c5 22. Qd2 c4 23. e4 dxe4 24. Nxc4 Qd5 25. Ne3 Qg5 26. Kh1 f5 27. a5 f4 28. Ng4 h5 29. Ne5 Bxe5 30. dxe5 Qxe5 31. a6 Rfd8 32. Qe2 Rd3 33. a7 Ra8 34. Ra5 Qe6 35. Rxf4 e3 36. Qxd3 e2 37. Re4 e1Q+ 38. Rxe1 Qxe1+ 39. Kh2 1-0

[Event "ARG-chT"]
[Site "Villa Martelli"]
[Date "2017.09.02"]
[Round "5.3"]
[White "Villanueva, Mario Nicolas"]
[Black "Darcyl, Tomas"]
[Result "1-0"]
[WhiteElo "2437"]
[BlackElo "2390"]
[PlyCount "65"]
[EventDate "2017.08.05"]
[EventType "team-swiss"]
[EventRounds "9"]
[EventCountry "ARG"]
[SourceTitle "CBM 180 Extra"]
[Source "ChessBase"]
[SourceDate "2017.10.06"]
[SourceVersion "1"]
[SourceVersionDate "2017.10.06"]
[SourceQuality "1"]
[WhiteTeam "El Sanitarista 15 Mayo"]
[BlackTeam "Republica Martelli"]
[WhiteTeamCountry "ARG"]
[BlackTeamCountry "ARG"]

1. e4 Nf6 2. e5 Nd5 3. d4 d6 4. c4 Nb6 5. exd6 exd6 6. Nc3 Be7 7. Bd3 Nc6 8. Nge2 a5 9. 0-0 Bf6 10. Re1 0-0 11. Be3 Nb4 12. d5 Nxd3 13. Qxd3 Nd7 14. Bd4 Nc5 15. Qf3 Bxd4 16. Nxd4 Bd7 17. Ncb5 Bxb5 18. Nxb5 Qd7 19. Re3 Rfe8 20. Rae1 Na6 21. Nd4 Rxe3 22. Qxe3 h6 23. h3 Kf8 24. Qc3 b6 25. Re3 Re8 26. Rg3 Qe7 27. Kh2 Qf6 28. Ne6+ fxe6 29. Rf3 e5 30. Rxf6+ gxf6 31. Qg3 Kf7 32. Qg4 Nc5 33. Qh5+ 1-0

[Event "Buenos Aires Szmetan Memorial"]
[Site "Buenos Aires"]
[Date "2017.04.25"]
[Round "9"]
[White "Van Riemsdijk, Herman Claudius"]
[Black "Darcyl, Tomas"]
[Result "1-0"]
[WhiteElo "2318"]
[BlackElo "2405"]
[PlyCount "91"]
[EventDate "2017.04.17"]
[EventType "tourn"]
[EventRounds "11"]
[EventCountry "ARG"]
[EventCategory "11"]
[SourceTitle "CBM 178 Extra"]
[Source "ChessBase"]
[SourceDate "2017.06.22"]
[SourceVersion "1"]
[SourceVersionDate "2017.06.22"]
[SourceQuality "1"]

1. e4 Nf6 2. e5 Nd5 3. d4 d6 4. Nf3 Nc6 5. c4 Nb6 6. Be2 dxe5 7. d5 e4 8. dxc6 Qxd1+ 9. Bxd1 exf3 10. Bxf3 Rb8 11. Bf4 Kd8 12. Na3 bxc6 13. 0-0-0+ Bd7 14. Bxc6 Kc8 15. Bxd7+ Nxd7 16. Nb5 Rb7 17. Be3 c5 18. Rd2 g6 19. Nc3 Bg7 20. Ne4 Rc7 21. b3 h6 22. g4 f5 23. gxf5 gxf5 24. Ng3 e6 25. Nh5 Be5 26. f4 Bc3 27. Rd3 Nf6 28. Nxf6 Bxf6 29. Rd6 Rg8 30. Rxe6 Rg6 31. Kb1 Kd7 32. Ra6 Ke7 33. Rg1 Rg4 34. h3 Rh4 35. Rg3 Kf7 36. Kc2 Bd4 37. Bxd4 cxd4 38. Rf3 Re7 39. Kd3 Re4 40. Rxa7+ Kf6 41. Ra6+ Kg7 42. c5 Rhxf4 43. Rxf4 Rxf4 44. c6 Rf1 45. Ra4 Rd1+ 46. Ke2 1-0

[Event "Buenos Aires Szmetan Memorial"]
[Site "Buenos Aires"]
[Date "2017.04.24"]
[Round "8"]
[White "Darcyl, Tomas"]
[Black "Mareco, Sandro"]
[Result "0-1"]
[WhiteElo "2405"]
[BlackElo "2655"]
[PlyCount "60"]
[EventDate "2017.04.17"]
[EventType "tourn"]
[EventRounds "11"]
[EventCountry "ARG"]
[EventCategory "11"]
[SourceTitle "CBM 178 Extra"]
[Source "ChessBase"]
[SourceDate "2017.06.22"]
[SourceVersion "1"]
[SourceVersionDate "2017.06.22"]
[SourceQuality "1"]

1. Nf3 Nf6 2. g3 b5 3. Bg2 Bb7 4. 0-0 e6 5. d3 Be7 6. e4 0-0 7. Re1 d6 8. Nbd2 Nbd7 9. e5 dxe5 10. Nxe5 Bxg2 11. Kxg2 Nxe5 12. Rxe5 Nd5 13. a4 a6 14. Qf3 Nb4 15. axb5 Nxc2 16. Rxa6 Rb8 17. Nc4 Bf6 18. Re2 Nb4 19. Na5 Qd7 20. Nc6 Nxa6 21. bxa6 Rb6 22. Rc2 Rxa6 23. Bf4 Rb6 24. b4 Rb5 25. Na7 Rf5 26. Rxc7 Qd8 27. Qb7 Qxd3 28. Be3 Rd5 29. h3 Be5 30. Rc8 Qe4+ 0-1

[Event "Buenos Aires Szmetan Memorial"]
[Site "Buenos Aires"]
[Date "2017.04.22"]
[Round "6"]
[White "Darcyl, Tomas"]
[Black "Pichot, Alan"]
[Result "1/2-1/2"]
[WhiteElo "2405"]
[BlackElo "2556"]
[PlyCount "125"]
[EventDate "2017.04.17"]
[EventType "tourn"]
[EventRounds "11"]
[EventCountry "ARG"]
[EventCategory "11"]
[SourceTitle "CBM 178 Extra"]
[Source "ChessBase"]
[SourceDate "2017.06.22"]
[SourceVersion "1"]
[SourceVersionDate "2017.06.22"]
[SourceQuality "1"]

1. Nf3 Nf6 2. g3 d5 3. Bg2 g6 4. 0-0 Bg7 5. d4 0-0 6. Nbd2 c5 7. dxc5 Nc6 8. c3 a5 9. Nd4 e5 10. Nxc6 bxc6 11. e4 d4 12. cxd4 Qxd4 13. Nf3 Qxc5 14. Be3 Qe7 15. Qc2 Re8 16. Rfd1 Qb4 17. Nd2 Be6 18. Bc5 Qb5 19. Bf1 Qb8 20. Nc4 Bf8 21. Bxf8 Rxf8 22. f3 Nd7 23. Qc3 Qa7+ 24. Qe3 Qxe3+ 25. Nxe3 Rfb8 26. Rd2 Rb4 27. Rc1 Nb6 28. Rxc6 Bxa2 29. Nd5 Nxd5 30. exd5 Rd8 31. d6 Be6 32. Rc5 Rd4 33. Rxd4 exd4 34. Rxa5 Rxd6 35. Bd3 Rc6 36. Ra4 Rc1+ 37. Kf2 Rh1 38. b4 Rxh2+ 39. Ke1 Bd5 40. f4 Rg2 41. b5 Rxg3 42. Rxd4 Bh1 43. Kd2 h5 44. b6 h4 45. f5 h3 46. fxg6 fxg6 47. b7 Bxb7 48. Rd8+ Kg7 49. Rd7+ Kh8 50. Rxb7 Rg2+ 51. Ke3 h2 52. Rb1 Rg1 53. Rb8+ Kg7 54. Be4 Re1+ 55. Kf2 Rxe4 56. Kg2 Rh4 57. Kh1 Kh6 58. Rb5 g5 59. Rb2 Kh5 60. Rb8 Kg4 61. Rb4+ Kg3 62. Rxh4 Kxh4 63. Kxh2 1/2-1/2

[Event "LNA Puma Cup"]
[Site "Argentina"]
[Date "2006.09.23"]
[Round "4"]
[White "Bulcourf, Carlos"]
[Black "Darcyl, Tomas"]
[Result "1-0"]
[WhiteElo "2207"]
[BlackElo "2405"]
[PlyCount "45"]
[EventDate "2006.09.03"]
[EventType "swiss"]
[EventRounds "8"]
[EventCountry "ARG"]
[SourceTitle "EXT 2008"]
[Source "ChessBase"]
[SourceDate "2007.11.25"]
[SourceVersion "1"]
[SourceVersionDate "2007.11.25"]
[SourceQuality "1"]

1. b4 e6 2. Bb2 Nf6 3. b5 c5 4. c4 d5 5. Nf3 Nbd7 6. e3 Bd6 7. Be2 b6 8. a4 Bb7 9. 0-0 Rc8 10. d4 Qc7 11. cxd5 exd5 12. a5 0-0 13. Nbd2 Ne4 14. g3 Ndf6 15. Nxe4 Nxe4 16. Bd3 c4 17. axb6 Qxb6 18. Bxe4 dxe4 19. Ne5 Qxb5 20. Bc3 Rcd8 21. Qe2 Bb8 22. Rfb1 Qd5 23. Ra5 1-0

[Event "Buenos Aires ITT"]
[Site "Buenos Aires"]
[Date "1992.??.??"]
[Round "2"]
[White "Bulcourf, Carlos"]
[Black "Darcyl, Tomas"]
[Result "0-1"]
[WhiteElo "2210"]
[BlackElo "2365"]
[PlyCount "94"]
[EventDate "1992.??.??"]
[EventType "tourn"]
[EventRounds "11"]
[EventCountry "ARG"]
[SourceTitle "EXT 1998"]
[Source "ChessBase"]
[SourceDate "1997.11.17"]
[SourceVersion "1"]
[SourceVersionDate "1997.11.17"]
[SourceQuality "1"]

1. b4 Nf6 2. Bb2 e6 3. b5 c5 4. e3 d5 5. c4 Nbd7 6. Nf3 Bd6 7. Be2 0-0 8. 0-0 b6 9. d4 Bb7 10. Nbd2 Rc8 11. Ne5 Bb8 12. Nxd7 Nxd7 13. Bf3 cxd4 14. exd4 dxc4 15. Bxb7 Qc7 16. g3 Qxb7 17. Rc1 Qd5 18. Qa4 h5 19. Nxc4 h4 20. Ne3 Qe4 21. Qb3 Nf6 22. d5 Nxd5 23. Nxd5 exd5 24. Rce1 Qc2 25. Qa3 Rcd8 26. Bd4 Qf5 27. f4 Rfe8 28. Qc3 Rxe1 29. Rxe1 Rc8 30. Qe3 Bd6 31. a4 Rc4 32. Qe8+ Kh7 33. Qd8 Bxf4 34. Bf2 Bg5 35. Qe8 Qf3 36. Qe2 Qxe2 37. Rxe2 hxg3 38. hxg3 d4 39. Re1 d3 40. Kf1 Rxa4 41. Rd1 d2 42. Ke2 Rb4 43. Ra1 Rxb5 44. Rxa7 Rd5 45. Ra1 b5 46. Kd1 Rd8 47. Rb1 Rc8 0-1

[Event "Buenos Aires ITT"]
[Site "Buenos Aires"]
[Date "1992.??.??"]
[Round "7"]
[White "Darcyl, Tomas"]
[Black "Giardelli, Sergio Carlos"]
[Result "1/2-1/2"]
[WhiteElo "2365"]
[BlackElo "2430"]
[PlyCount "24"]
[EventDate "1992.??.??"]
[EventType "tourn"]
[EventRounds "11"]
[EventCountry "ARG"]
[SourceTitle "EXT 1998"]
[Source "ChessBase"]
[SourceDate "1997.11.17"]
[SourceVersion "1"]
[SourceVersionDate "1997.11.17"]
[SourceQuality "1"]

1. e4 c6 2. d4 d5 3. Nd2 dxe4 4. Nxe4 Nd7 5. Nf3 Ngf6 6. Nxf6+ Nxf6 7. c3 g6 8. Bc4 Bg7 9. 0-0 0-0 10. Re1 Bg4 11. h3 Bxf3 12. Qxf3 Qd7 1/2-1/2

[Event "Buenos Aires ITT"]
[Site "Buenos Aires"]
[Date "1992.??.??"]
[Round "8"]
[White "Fabrega, Enrique"]
[Black "Darcyl, Tomas"]
[Result "1/2-1/2"]
[WhiteElo "2260"]
[BlackElo "2365"]
[PlyCount "24"]
[EventDate "1992.??.??"]
[EventType "tourn"]
[EventRounds "11"]
[EventCountry "ARG"]
[SourceTitle "EXT 1998"]
[Source "ChessBase"]
[SourceDate "1997.11.17"]
[SourceVersion "1"]
[SourceVersionDate "1997.11.17"]
[SourceQuality "1"]

1. d4 Nf6 2. c4 g6 3. Nc3 d5 4. cxd5 Nxd5 5. e4 Nxc3 6. bxc3 Bg7 7. Bc4 c5 8. Ne2 Nc6 9. Be3 0-0 10. 0-0 Bd7 11. Rb1 Rc8 12. dxc5 Qc7 1/2-1/2

[Event "Buenos Aires ITT"]
[Site "Buenos Aires"]
[Date "1992.??.??"]
[Round "6"]
[White "Peralta, Eduardo"]
[Black "Darcyl, Tomas"]
[Result "0-1"]
[WhiteElo "2255"]
[BlackElo "2365"]
[PlyCount "64"]
[EventDate "1992.??.??"]
[EventType "tourn"]
[EventRounds "11"]
[EventCountry "ARG"]
[SourceTitle "EXT 1998"]
[Source "ChessBase"]
[SourceDate "1997.11.17"]
[SourceVersion "1"]
[SourceVersionDate "1997.11.17"]
[SourceQuality "1"]

1. e4 Nf6 2. e5 Nd5 3. d4 d6 4. Nf3 g6 5. Bc4 Nb6 6. Bb3 Nc6 7. e6 fxe6 8. h4 Bg7 9. h5 e5 10. Ng5 d5 11. hxg6 hxg6 12. Rxh8+ Bxh8 13. dxe5 Nxe5 14. Nc3 c6 15. f4 Bg4 16. Qd2 Nec4 17. Qd3 Bf5 18. Qf3 Qd7 19. a4 a5 20. Bxc4 Nxc4 21. b3 Nd6 22. Bb2 Nf7 23. Nxf7 Kxf7 24. Kd2 Bf6 25. Rh1 Rh8 26. Rxh8 Bxh8 27. Nd1 Bxb2 28. Nxb2 Qe6 29. Nd1 Bg4 30. Qf2 Bxd1 31. Kxd1 Qe4 32. g4 Kg7 0-1

[Event "Buenos Aires ITT"]
[Site "Buenos Aires"]
[Date "1992.??.??"]
[Round "11"]
[White "Tempone, Marcelo"]
[Black "Darcyl, Tomas"]
[Result "1/2-1/2"]
[WhiteElo "2455"]
[BlackElo "2365"]
[PlyCount "20"]
[EventDate "1992.??.??"]
[EventType "tourn"]
[EventRounds "11"]
[EventCountry "ARG"]
[SourceTitle "EXT 1998"]
[Source "ChessBase"]
[SourceDate "1997.11.17"]
[SourceVersion "1"]
[SourceVersionDate "1997.11.17"]
[SourceQuality "1"]

1. e4 e5 2. Nf3 Nc6 3. Bb5 a6 4. Bxc6 dxc6 5. d4 exd4 6. Qxd4 Qxd4 7. Nxd4 Bd7 8. Nc3 0-0-0 9. Be3 f6 10. 0-0-0 Ne7 1/2-1/2

[Event "Buenos Aires GEBA"]
[Site "Buenos Aires"]
[Date "1991.??.??"]
[Round "6"]
[White "Darcyl, Tomas"]
[Black "Rodriguez, Antonio"]
[Result "1/2-1/2"]
[WhiteElo "2375"]
[BlackElo "2325"]
[PlyCount "124"]
[EventDate "1991.??.??"]
[EventType "tourn"]
[EventRounds "11"]
[EventCountry "ARG"]
[EventCategory "6"]
[SourceTitle "EXT 1998"]
[Source "ChessBase"]
[SourceDate "1997.11.17"]
[SourceVersion "1"]
[SourceVersionDate "1997.11.17"]
[SourceQuality "1"]

1. Nf3 c5 2. b3 Nc6 3. Bb2 d6 4. d4 cxd4 5. Nxd4 e5 6. Nf3 Bg4 7. h3 Bh5 8. e3 Nf6 9. Be2 Be7 10. c4 0-0 11. 0-0 Ne4 12. Nbd2 Nxd2 13. Qxd2 Bg6 14. Rfd1 Qc7 15. Rac1 Rfd8 16. Ne1 a5 17. Bc3 Nb8 18. Nc2 Nd7 19. Na3 Nc5 20. Nb5 Qb6 21. Qb2 Ne4 22. Be1 Bg5 23. Nc3 Nxc3 24. Qxc3 Be7 25. Bf3 Rdc8 26. Rd5 e4 27. Bg4 Rc5 28. Rcd1 f5 29. Be2 Bf7 30. Rxc5 Qxc5 31. Qb2 Bf6 32. Bc3 Bxc3 33. Qxc3 Kf8 34. Qd4 Qxd4 35. Rxd4 Ke7 36. g4 g6 37. Kg2 a4 38. b4 a3 39. Bd1 b5 40. Bb3 Rc8 41. cxb5 Bxb3 42. axb3 a2 43. Rd1 fxg4 44. b6 gxh3+ 45. Kxh3 Kd7 46. b7 Rb8 47. Ra1 Rxb7 48. Rxa2 Ke6 49. Ra4 d5 50. Kg3 Ke5 51. Kg4 Rb6 52. Ra7 h6 53. Rh7 Rxb4 54. Rxh6 Kf6 55. Rh8 Rxb3 56. Rf8+ Ke7 57. Rg8 Kf7 58. Rd8 Rd3 59. Kf4 Ke7 60. Rg8 Kf6 61. Rf8+ Kg7 62. Rd8 Rd2 1/2-1/2

[Event "Buenos Aires GEBA"]
[Site "Buenos Aires"]
[Date "1991.??.??"]
[Round "4"]
[White "Darcyl, Tomas"]
[Black "Sanchez Almeyra, Jorge"]
[Result "1/2-1/2"]
[WhiteElo "2375"]
[BlackElo "2415"]
[PlyCount "125"]
[EventDate "1991.??.??"]
[EventType "tourn"]
[EventRounds "11"]
[EventCountry "ARG"]
[EventCategory "6"]
[SourceTitle "EXT 1998"]
[Source "ChessBase"]
[SourceDate "1997.11.17"]
[SourceVersion "1"]
[SourceVersionDate "1997.11.17"]
[SourceQuality "1"]

1. Nf3 Nf6 2. g3 g6 3. b3 Bg7 4. Bb2 d5 5. c4 c6 6. Bg2 0-0 7. 0-0 a5 8. Na3 Na6 9. d3 a4 10. Bc3 axb3 11. axb3 Qb6 12. Qd2 Nc5 13. Bd4 Nfd7 14. Bxg7 Kxg7 15. cxd5 cxd5 16. Nc4 dxc4 17. Qc3+ Qf6 18. Qxf6+ Nxf6 19. Rxa8 cxd3 20. exd3 Nxb3 21. Rb1 Be6 22. Rxf8 Kxf8 23. Ng5 Nc5 24. Nxe6+ Nxe6 25. Rxb7 h5 26. Rb4 Kg7 27. Kf1 Ne8 28. Bd5 Ng5 29. h4 Nh7 30. Be4 Nd6 31. Ke2 Nf6 32. Ra4 Ng4 33. Bf3 Nh6 34. Bg2 Kf6 35. Bh3 Nhf5 36. Bxf5 Nxf5 37. Ra5 e6 38. Kf3 Ne7 39. Ke4 Nf5 40. Rc5 Nd6+ 41. Kf4 Nf5 42. Ra5 Ne7 43. d4 Nc6 44. Ra4 Nxd4 45. Ke4 Nf5 46. Ra6 Ne7 47. Ra7 Nf5 48. Rd7 Ne7 49. Kd4 Nf5+ 50. Kc5 Nh6 51. Ra7 Ng4 52. Ra3 Ke7 53. Ra2 Nh6 54. Ra7+ Kf6 55. Kd6 Kg7 56. Ke7 Ng4 57. Ke8 Nf6+ 58. Kd8 Nd5 59. f3 Nf6 60. Ra4 Nd5 61. g4 hxg4 62. fxg4 f5 63. gxf5 1/2-1/2

[Event "Buenos Aires GEBA"]
[Site "Buenos Aires"]
[Date "1991.??.??"]
[Round "11"]
[White "Darcyl, Tomas"]
[Black "Valiente, Cristobal"]
[Result "1-0"]
[WhiteElo "2375"]
[BlackElo "2370"]
[PlyCount "81"]
[EventDate "1991.??.??"]
[EventType "tourn"]
[EventRounds "11"]
[EventCountry "ARG"]
[EventCategory "6"]
[SourceTitle "EXT 1998"]
[Source "ChessBase"]
[SourceDate "1997.11.17"]
[SourceVersion "1"]
[SourceVersionDate "1997.11.17"]
[SourceQuality "1"]

1. Nf3 Nf6 2. g3 g6 3. b3 Bg7 4. Bb2 0-0 5. Bg2 d6 6. d4 e5 7. dxe5 Nfd7 8. Qd2 Nc6 9. 0-0 Ndxe5 10. Nxe5 Nxe5 11. c4 a5 12. f4 Nd7 13. Bxg7 Kxg7 14. Nc3 Nc5 15. Rad1 Bd7 16. Nd5 Bc6 17. Qc3+ f6 18. e4 Bxd5 19. cxd5 Qe7 20. Rfe1 Kg8 21. Rd2 b6 22. Rde2 Rae8 23. a3 Qd7 24. b4 axb4 25. axb4 Na4 26. Qd4 b5 27. Rc2 Re7 28. Rec1 Qc8 29. Bf1 Qb7 30. Bh3 f5 31. e5 Qb6 32. Qxb6 Nxb6 33. Rxc7 Rxc7 34. Rxc7 dxe5 35. Rb7 Nxd5 36. Rxb5 Nc7 37. Rb7 Ne6 38. fxe5 Rc8 39. Bf1 Rc2 40. Bd3 Rd2 41. Bc4 1-0

[Event "Buenos Aires GEBA"]
[Site "Buenos Aires"]
[Date "1991.??.??"]
[Round "2"]
[White "Darcyl, Tomas"]
[Black "Van Riemsdijk, Herman Claudius"]
[Result "1/2-1/2"]
[WhiteElo "2375"]
[BlackElo "2450"]
[PlyCount "23"]
[EventDate "1991.??.??"]
[EventType "tourn"]
[EventRounds "11"]
[EventCountry "ARG"]
[EventCategory "6"]
[SourceTitle "EXT 1998"]
[Source "ChessBase"]
[SourceDate "1997.11.17"]
[SourceVersion "1"]
[SourceVersionDate "1997.11.17"]
[SourceQuality "1"]

1. Nf3 d5 2. d4 Nf6 3. c4 e6 4. Nc3 Bb4 5. Qa4+ Nc6 6. cxd5 exd5 7. Bg5 h6 8. Bxf6 Qxf6 9. e3 0-0 10. Be2 a6 11. a3 Bxc3+ 12. bxc3 1/2-1/2

[Event "Buenos Aires GP"]
[Site "Buenos Aires"]
[Date "1991.??.??"]
[Round "?"]
[White "Fuentes Vasallo, Eduardo Alberto"]
[Black "Darcyl, Tomas"]
[Result "1/2-1/2"]
[WhiteElo "2200"]
[BlackElo "2375"]
[PlyCount "82"]
[EventDate "1991.??.??"]
[EventType "swiss"]
[EventRounds "9"]
[EventCountry "ARG"]
[SourceTitle "EXT 2000"]
[Source "ChessBase"]
[SourceDate "1999.11.16"]
[SourceVersion "1"]
[SourceVersionDate "1999.11.16"]
[SourceQuality "1"]

1. e4 c5 2. Nf3 d6 3. d4 cxd4 4. Nxd4 Nf6 5. Nc3 a6 6. Be2 e5 7. Nb3 Be7 8. 0-0 0-0 9. a4 Be6 10. f4 Nc6 11. f5 Bd7 12. Bg5 Nb4 13. Bxf6 Bxf6 14. a5 Rc8 15. Nd2 Bc6 16. Nc4 d5 17. Nb6 d4 18. Nxc8 Qxc8 19. Bf3 dxc3 20. bxc3 Bb5 21. cxb4 Bxf1 22. Qxf1 Qxc2 23. Rc1 Qd2 24. Qc4 Bg5 25. Rd1 Qb2 26. Bh5 Be3+ 27. Kh1 Bd4 28. h3 Qf2 29. b5 axb5 30. Qxb5 g6 31. Bf3 Qa2 32. fxg6 hxg6 33. Qxb7 Qxa5 34. Be2 Qc3 35. Rf1 Qc2 36. Bb5 Qc5 37. Ba4 Qb6 38. Qd5 Qc5 39. Bb3 Qxd5 40. Bxd5 Kg7 41. g3 f5 1/2-1/2

[Event "Buenos Aires GEBA"]
[Site "Buenos Aires"]
[Date "1991.??.??"]
[Round "5"]
[White "Spangenberg, Hugo"]
[Black "Darcyl, Tomas"]
[Result "1-0"]
[WhiteElo "2220"]
[BlackElo "2375"]
[PlyCount "105"]
[EventDate "1991.??.??"]
[EventType "tourn"]
[EventRounds "11"]
[EventCountry "ARG"]
[EventCategory "6"]
[SourceTitle "EXT 1998"]
[Source "ChessBase"]
[SourceDate "1997.11.17"]
[SourceVersion "1"]
[SourceVersionDate "1997.11.17"]
[SourceQuality "1"]

1. e4 c5 2. Nf3 d6 3. d4 Nf6 4. Nc3 cxd4 5. Nxd4 a6 6. Bg5 e6 7. Qf3 Nbd7 8. 0-0-0 Qc7 9. Qg3 Be7 10. Be2 Nc5 11. Bf3 Bd7 12. h4 Rc8 13. h5 h6 14. Bh4 Kf8 15. Rhe1 e5 16. Nb3 Be6 17. Bxf6 Bxf6 18. Nxc5 Qxc5 19. Bg4 Rc7 20. Bxe6 fxe6 21. Qd3 Ke7 22. Ne2 Rd8 23. f3 Qc4 24. Kb1 Qxd3 25. Rxd3 Rdc8 26. c3 Bg5 27. Red1 Rd7 28. Kc2 Rc6 29. Ng1 Rc8 30. Nh3 Bf6 31. Nf2 b5 32. Kb3 Rcc7 33. Ng4 Rb7 34. g3 a5 35. f4 a4+ 36. Kc2 exf4 37. gxf4 Rbc7 38. a3 Rb7 39. Nxf6 gxf6 40. Rg3 d5 41. exd5 exd5 42. Rg6 Ke6 43. Rxh6 Kf5 44. Rd4 Rd6 45. Rh8 Re7 46. h6 Re2+ 47. Rd2 Rxd2+ 48. Kxd2 Kxf4 49. Rf8 Rd7 50. Rxf6+ Ke5 51. Rg6 Rh7 52. Rg5+ Kf6 53. Rxd5 1-0

[Event "Buenos Aires GEBA"]
[Site "Buenos Aires"]
[Date "1991.??.??"]
[Round "1"]
[White "Tempone, Marcelo"]
[Black "Darcyl, Tomas"]
[Result "1/2-1/2"]
[WhiteElo "2460"]
[BlackElo "2375"]
[PlyCount "29"]
[EventDate "1991.??.??"]
[EventType "tourn"]
[EventRounds "11"]
[EventCountry "ARG"]
[EventCategory "6"]
[SourceTitle "EXT 1998"]
[Source "ChessBase"]
[SourceDate "1997.11.17"]
[SourceVersion "1"]
[SourceVersionDate "1997.11.17"]
[SourceQuality "1"]

1. d4 Nf6 2. c4 e6 3. Nc3 Bb4 4. e3 0-0 5. Bd3 c5 6. Nge2 cxd4 7. exd4 d5 8. cxd5 Nxd5 9. 0-0 Nf6 10. Bg5 Nc6 11. Qd2 b6 12. Rad1 Bb7 13. a3 Be7 14. Rfe1 Rc8 15. Bb1 1/2-1/2

[Event "Buenos Aires op"]
[Site "Buenos Aires"]
[Date "1990.??.??"]
[Round "5"]
[White "Glavina, Pablo"]
[Black "Darcyl, Tomas"]
[Result "1-0"]
[WhiteElo "2390"]
[BlackElo "2350"]
[PlyCount "69"]
[EventDate "1990.??.??"]
[EventType "swiss"]
[EventRounds "11"]
[EventCountry "ARG"]
[SourceTitle "EXT 1997"]
[Source "ChessBase"]
[SourceDate "1996.11.15"]
[SourceVersion "1"]
[SourceVersionDate "1996.11.15"]
[SourceQuality "1"]

1. d4 Nf6 2. c4 g6 3. Nc3 d5 4. cxd5 Nxd5 5. e4 Nxc3 6. bxc3 Bg7 7. Nf3 c5 8. Rb1 0-0 9. Be2 cxd4 10. cxd4 Qa5+ 11. Bd2 Qxa2 12. 0-0 Nd7 13. Bb4 Nb6 14. Ra1 Qe6 15. Bd3 Nc4 16. d5 Qb6 17. Bxe7 Nb2 18. Qb1 Re8 19. d6 Be6 20. e5 Bg4 21. Be2 Bxf3 22. Bxf3 Bxe5 23. Qa2 Nd3 24. Rab1 Qd4 25. Bxb7 Rab8 26. Qd5 Qxd5 27. Bxd5 Nb2 28. g3 a5 29. Bc6 Rec8 30. Rfc1 Nd3 31. Rxb8 Rxb8 32. Rd1 Nb4 33. Ba4 Rb6 34. d7 Bc7 35. Rc1 1-0